| 000 | 00480nam a22001577a 4500 | ||
|---|---|---|---|
| 003 | macl | ||
| 005 | 20200111122554.0 | ||
| 008 | 200111b xxu||||| |||| 00| 0 eng d | ||
| 040 | _cmacl | ||
| 082 | _a200 | ||
| 100 |
_aनिवेदिता ,भागिनी _977768 |
||
| 245 | _aहिंदू धर्म के मूल तत्व | ||
| 260 |
_aदिल्ली _bज्ञान गंगा _c2018 |
||
| 650 |
_aधर्म _977769 |
||
| 942 |
_2ddc _cHIN |
||
| 999 |
_c61757 _d61757 |
||